Prénoms désignant aussi des noms communs - Statistiques

Statistiques générales
  • Ce quiz a été pris 393 fois
  • Le résultat moyen est 6 sur 22
Statistiques - réponses
Indice Prénom % Correct
couleur ou fleur Rose
80%
caillou Pierre
77%
agrume Clémentine
65%
vaut deux noires Blanche
62%
débardeur (vêtement) Marcel
57%
fleur - voir photo Marguerite
57%
arbre à huile Olivier
45%
spécialité de Commercy Madeleine
32%
fleur d'automne Violette
32%
grosse bouteille : dame .... Jeanne
24%
sable mouvant Lise
15%
autorail Micheline
13%
origan Marjolaine
12%
passe de cape du toréador Véronique
7%
fleur - Japon Anémone
6%
bonnet Charlotte
6%
bassin ostréicole Claire
6%
papillon - robe Isabelle
4%
majestueux Auguste
3%
cadre Marie Louise
2%
pot de chambre Thomas
2%
couteau à virole Eustache
0%
Aucun quiz correspondant
Distribution des résultats
% des personnes avec chaque résultat
Percentile par nombre de réponses
Votre historique - résultats
Vous n’avez pas pris ce quiz